000
00208 a2200097 4500
001
47174
100
_a
Mars A
245
_a
H M S Thule Intercepts
260
_a
London
_b
Elek Books
_c
090
_c
30230
_d
30230
942
_a
NUST-CAE
_c
M
_c
22482
999
_c
282247
_d
282247